000 00993cam a22003017a 4500
003 CHAP
005 20220329134541.0
008 971013s r 00010 d
010 _a22051
011 _a23023
035 _a27118
040 _cCHAP
090 _aR-2620
100 0 0 _aCock, M. J. W.
_924222
245 1 4 _aThe use of parasitoids for augmentative biological control of pests in the People's Republic of China
500 _aFotocopia
500 _aSobretiro de: Biocontrol New and Information, 6(3):213-223, 1985
590 _aBATCH-UPD
_b10
_c20130110
_lUCH01
_h1542
590 _aBATCH-UPD
_b10
_c20130410
_lUCH01
_h0944
590 _aBATCH-UPD
_b10
_c20130914
_lUCH01
_h1001
590 _aCONVERSION
_b10
_c20130109
_lUCH01
_h1313
650 1 4 _aChina
_xEntomología.
_922561
650 1 4 _aControl biológico de insectos.
_927582
650 1 4 _aInsectos parásitos y predatores.
_958961
901 _aBK
942 _cREIMP
949 _aR-2620
_bBC
_cR
_d-62783
_eTS1
_i27118
_mD
_si
999 _c22051
_d22051